Pattern recognition and image alalysis (Record no. 29550)

MARC details
000 -LEADER
fixed length control field 00449nam a2200169Ia 4500
008 - FIXED-LENGTH DATA ELEMENTS--GENERAL INFORMATION
fixed length control field 230917s9999||||xx |||||||||||||| ||und||
020 ## - ISBN
Price RS649
040 ## - CATALOGING SOURCE
-- 252598
Original cataloging agency VIVEKANANDA LIBRARY
041 ## - Language
-- English
082 ## - DDC NUMBER
Classification number 006.4 G692P
100 ## - MAIN ENTRY--PERSONAL NAME
Personal name Gose, Earl
245 #0 - TITLE STATEMENT
Title Pattern recognition and image alalysis
260 ## - PUBLICATION, DISTRIBUTION, ETC. (IMPRINT)
Place of publication, distribution, etc Noida
Name of publisher, distributor, etc Pearson longman
Date of publication, distribution, etc 2016
300 ## - PHYSICAL DESCRIPTION
Pages ix, 484 p.
500 ## - GENERAL NOTE
General note 3373 24/12/2018 PBA18/840 31/12/2018 Main Budget
942 ## - ADDED ENTRY ELEMENTS (KOHA)
Koha item type Books
Holdings
Withdrawn status Lost status Damaged status Not for loan Location (home branch) Sublocation or collection (holding branch) Date acquired Koha issues (times borrowed) Koha full call number Accession No. Koha date last seen Koha item type
        VIVEKANANDA LIBRARY VIVEKANANDA LIBRARY 22/01/2019   006.4 G692P 381749 17/09/2023 Books
        VIVEKANANDA LIBRARY VIVEKANANDA LIBRARY 22/01/2019   006.4 G692P 381750 17/09/2023 Books
        VIVEKANANDA LIBRARY VIVEKANANDA LIBRARY 22/01/2019   006.4 G692P 381751 17/09/2023 Books
        VIVEKANANDA LIBRARY VIVEKANANDA LIBRARY 22/01/2019   006.4 G692P 382196 17/09/2023 Books
© Designed and Maintained by Vivekananda Library, MDU Rohtak